Financing of State Plans Problems and Prospects (Record no. 210651)
[ view plain ]
| 000 -LEADER | |
|---|---|
| fixed length control field | 00655nam a22002177a 4500 |
| 005 - DATE AND TIME OF LATEST TRANSACTION | |
| control field | 20250402125118.0 |
| 010 ## - LCCN (DPL NO) | |
| LC control number | ENG-144406 |
| 020 ## - INTERNATIONAL STANDARD BOOK NUMBER | |
| Terms of availability | 150.00 |
| 035 ## - SYSTEM CONTROL NUMBER | |
| System control number | EN-127938 |
| 037 ## - SOURCE OF ACQUISITION | |
| Source of stock number/acquisition | DBAD |
| 082 ## - DEWEY DECIMAL CLASSIFICATION NUMBER | |
| Classification number | 336 |
| 100 ## - MAIN ENTRY--PERSONAL NAME | |
| Personal name | Mishra, Jagannath |
| 245 ## - TITLE STATEMENT | |
| Title | Financing of State Plans Problems and Prospects |
| Statement of responsibility, etc | Jagannath Mishra |
| Medium | English |
| 250 ## - EDITION STATEMENT | |
| Edition statement | 1st |
| 260 ## - PUBLICATION, DISTRIBUTION, ETC. (IMPRINT) | |
| Place of publication, distribution, etc | New Delhi |
| Name of publisher, distributor, etc | Sterling Publishers Private Limited |
| Date of publication, distribution, etc | 1984 |
| 270 ## - ADDRESS | |
| Address | L-10,Green Park Extension |
| City | New Delhi |
| Postal code | 110016 |
| 300 ## - PHYSICAL DESCRIPTION | |
| Extent | xvi,318p |
| Dimensions | 22cm. (Hb) |
| 600 ## - SUBJECT ADDED ENTRY--PERSONAL NAME | |
| Dates associated with a name | Jagannath Mishra |
| 700 ## - ADDED ENTRY--PERSONAL NAME | |
| 9 (RLIN) | 80043 |
| Personal name | R.K.Sinha |
| 942 ## - ADDED ENTRY ELEMENTS (KOHA) | |
| Source of classification or shelving scheme | Dewey Decimal Classification |
| Item type | English Books |
| Classification part | 336 |
| Call number suffix | MIS |
| Edition | 1 |
| Withdrawn status | Lost status | Not for loan | Collection code | Home library | Current library | Date acquired | Cost, normal purchase price | Full call number | Barcode | Copy number | Cost, replacement price | Koha item type |
|---|---|---|---|---|---|---|---|---|---|---|---|---|
| Non-fiction | Ashok Vihar | Ashok Vihar | 02/04/2025 | 150.00 | 336 MIS | EN-127938 | 1 | 150.00 | English Books |
